[Event "Arco op-A 39th"]
[Site "Arco"]
[Date "2017.10.14"]
[Round "8"]
[White "Maddaloni, Giovanni"]
[Black "Prosperi, Agostino"]
[Result "0-1"]
[WhiteElo "1483"]
[BlackElo "1869"]
[PlyCount "52"]
[EventDate "2017.10.07"]
[EventType "swiss"]
[EventRounds "9"]
[EventCountry "ITA"]
[SourceTitle "CBM 181 Extra"]
[Source "ChessBase"]
[SourceDate "2017.12.12"]
[SourceVersion "1"]
[SourceVersionDate "2017.12.12"]
[SourceQuality "1"]

1. e4 e5 2. Nf3 Nc6 3. Bb5 a6 4. Ba4 b5 5. Bb3 Bc5 6. 0-0 Nf6 7. Re1 d6 8. h3 0-0 9. c3 Re8 10. Bc2 h6 11. d4 Bb6 12. d5 Ne7 13. Nbd2 Ng6 14. Nf1 Nh5 15. Nd4 Qh4 16. Ng3 Nxg3 17. fxg3 Qxg3 18. Re3 Qh4 19. Rf3 Qh5 20. Be3 exd4 21. Bxd4 Ne5 22. Rf2 Nc4 23. Qf1 Bxd4 24. cxd4 Ne3 25. Qe2 Qxe2 26. Rxe2 Nc4 0-1

[Event "Arco op 36th"]
[Site "Arco"]
[Date "2014.10.12"]
[Round "9"]
[White "Maddaloni, Giovanni"]
[Black "Galas, Franco"]
[Result "1-0"]
[WhiteElo "1617"]
[BlackElo "1719"]
[PlyCount "49"]
[EventDate "2014.10.04"]
[EventType "swiss"]
[EventRounds "9"]
[EventCountry "ITA"]
[SourceTitle "EXT 2016"]
[Source "ChessBase"]
[SourceDate "2015.10.08"]
[SourceVersion "1"]
[SourceVersionDate "2015.10.08"]
[SourceQuality "1"]

1. e4 e6 2. d4 c6 3. Nc3 d5 4. Nf3 Ne7 5. Bd3 Nd7 6. exd5 cxd5 7. 0-0 Nf6 8. Re1 Bd7 9. Bf4 a6 10. h3 Ng6 11. Bh2 Bc6 12. a3 Bd6 13. Qd2 Qc7 14. Bxd6 Qxd6 15. Ne5 Nd7 16. f4 Ndxe5 17. fxe5 Qc7 18. Qe3 0-0 19. Re2 Rae8 20. Rf1 Ne7 21. Ref2 g6 22. g4 Kg7 23. Ne2 Ng8 24. Ng3 f6 25. exf6+ 1-0

[Event "Arco op 34th"]
[Site "Arco"]
[Date "2012.10.16"]
[Round "4"]
[White "Di Lazzaro, Gabriele"]
[Black "Maddaloni, Giovanni"]
[Result "1-0"]
[WhiteElo "1888"]
[BlackElo "1762"]
[PlyCount "95"]
[EventDate "2012.10.13"]
[EventType "swiss"]
[EventRounds "9"]
[EventCountry "ITA"]
[SourceTitle "EXT 2013"]
[Source "ChessBase"]
[SourceDate "2012.11.22"]
[SourceVersion "1"]
[SourceVersionDate "2012.11.22"]
[SourceQuality "1"]

1. d4 Nf6 2. Nc3 g6 3. e4 d6 4. Be3 Bg7 5. f3 0-0 6. Qd2 e5 7. 0-0-0 Nc6 8. Nge2 a6 9. d5 Ne7 10. g4 Nd7 11. h4 f5 12. gxf5 gxf5 13. Bh6 f4 14. Rg1 Rf7 15. Bh3 Nc5 16. Bxc8 Rxc8 17. Bxg7 Rxg7 18. Rxg7+ Kxg7 19. Rg1+ Kf7 20. Nxf4 Ng6 21. Nxg6 hxg6 22. Qf2 Qf6 23. b4 Nd7 24. Ne2 Nb6 25. Qg3 Rh8 26. Rh1 Nc4 27. f4 exf4 28. Qxf4 b5 29. Rf1 Qxf4+ 30. Rxf4+ Kg7 31. Nd4 g5 32. Ne6+ Kg6 33. Nxg5 Ne5 34. Ne6 Rc8 35. Rf8 Rxf8 36. Nxf8+ Kh5 37. Ne6 Kxh4 38. Kd2 Kg3 39. Ke3 c6 40. dxc6 Nxc6 41. c3 a5 42. bxa5 Nxa5 43. Nc7 Nc4+ 44. Kd4 Na3 45. Ne8 Nc4 46. a4 Na3 47. a5 Nc4 48. a6 1-0

[Event "Arco op 33rd"]
[Site "Arco"]
[Date "2011.10.25"]
[Round "4"]
[White "Maddaloni, Giovanni"]
[Black "Helbig, Dieter"]
[Result "1/2-1/2"]
[WhiteElo "1774"]
[BlackElo "1877"]
[PlyCount "112"]
[EventDate "2011.10.22"]
[EventType "swiss"]
[EventRounds "9"]
[EventCountry "ITA"]
[SourceTitle "EXT 2012"]
[Source "ChessBase"]
[SourceDate "2011.11.24"]
[SourceVersion "1"]
[SourceVersionDate "2011.11.24"]
[SourceQuality "1"]

1. e4 c5 2. Nf3 Nc6 3. d3 g6 4. g3 Bg7 5. Bg2 d6 6. 0-0 Nf6 7. Qe2 0-0 8. c3 Re8 9. Re1 Ng4 10. h3 Nge5 11. c4 Nxf3+ 12. Qxf3 Nd4 13. Qd1 Rb8 14. Nc3 a6 15. a4 b5 16. axb5 axb5 17. cxb5 Nxb5 18. Bd2 Nd4 19. Rb1 Bd7 20. b3 Qc8 21. Nd5 e6 22. Ne3 Nb5 23. Nc4 h6 24. h4 Kh7 25. h5 e5 26. Ra1 Bg4 27. Bf3 Bxf3 28. Qxf3 Qe6 29. Ra6 Red8 30. Rea1 Nd4 31. Qd1 Rxb3 32. Be3 Bf8 33. Bxd4 Rxd3 34. hxg6+ Kxg6 35. Qxd3 cxd4 36. Kg2 Rc8 37. R1a4 Kg7 38. Nb6 Rc3 39. Qe2 f5 40. Ra7+ Kg8 41. Nd5 Rc5 42. R4a5 Rc8 43. Qa2 Kh8 44. Ra8 fxe4 45. Rxc8 Qxc8 46. Ra8 Qf5 47. Ra3 d3 48. Ne3 Qf3+ 49. Kg1 d5 50. Qxd5 Bxa3 51. Qxe5+ Kg8 52. Qe6+ Kh7 53. Qd7+ Kg8 54. Qe8+ Bf8 55. Qg6+ Kh8 56. Qe6 Kh7 1/2-1/2

[Event "Porto San Giorgio op 23rd"]
[Site "Porto San Giorgio"]
[Date "2011.08.26"]
[Round "7"]
[White "Marcugini, Stefano"]
[Black "Maddaloni, Giovanni"]
[Result "1/2-1/2"]
[WhiteElo "1824"]
[BlackElo "1801"]
[PlyCount "75"]
[EventDate "2011.08.21"]
[EventType "swiss"]
[EventRounds "9"]
[EventCountry "ITA"]
[SourceTitle "CBM 144 Extra"]
[Source "ChessBase"]
[SourceDate "2011.10.28"]
[SourceVersion "1"]
[SourceVersionDate "2011.10.28"]
[SourceQuality "1"]

1. e4 c5 2. Nf3 Nf6 3. Nc3 d6 4. d4 cxd4 5. Nxd4 g6 6. f3 a6 7. Be3 b5 8. Qd2 Bb7 9. Bd3 Nbd7 10. a3 Bg7 11. 0-0 Rc8 12. Nde2 Ne5 13. Bh6 0-0 14. Kh1 Nc4 15. Bxc4 Rxc4 16. Bxg7 Kxg7 17. Rad1 Qc7 18. Rc1 h5 19. Rfd1 Rc8 20. Nf4 Rxc3 21. bxc3 Qxc3 22. Qxc3 Rxc3 23. Rd3 Rc5 24. Rb3 d5 25. exd5 Nxd5 26. Nd3 Rc7 27. a4 Nc3 28. axb5 axb5 29. Re1 e6 30. Kg1 h4 31. Re5 Bd5 32. Rb4 f5 33. Re1 g5 34. Ra1 Ne2+ 35. Kf2 Rxc2 36. Rb2 Rxb2 37. Nxb2 Nc3 38. Ke3 1/2-1/2

[Event "Porto San Giorgio op 23rd"]
[Site "Porto San Giorgio"]
[Date "2011.08.23"]
[Round "4"]
[White "Maddaloni, Giovanni"]
[Black "D'Aquino, Ugo"]
[Result "0-1"]
[WhiteElo "1801"]
[BlackElo "1925"]
[PlyCount "35"]
[EventDate "2011.08.21"]
[EventType "swiss"]
[EventRounds "9"]
[EventCountry "ITA"]
[SourceTitle "CBM 144 Extra"]
[Source "ChessBase"]
[SourceDate "2011.10.28"]
[SourceVersion "1"]
[SourceVersionDate "2011.10.28"]
[SourceQuality "1"]

1. e4 c5 2. Nf3 Nc6 3. Bb5 g6 4. 0-0 Bg7 5. c3 e6 6. Bxc6 bxc6 7. d4 cxd4 8. cxd4 Ne7 9. Nc3 0-0 10. Re1 d5 11. e5 Rb8 12. b3 c5 13. Ba3 cxd4 14. Qxd4 Rb7 15. Rac1 Bd7 16. Na4 Bxa4 17. Qxa4 Qb6 18. h3 0-1

[Event "Porto San Giorgio op 23rd"]
[Site "Porto San Giorgio"]
[Date "2011.08.21"]
[Round "1"]
[White "Marinone, Lucio"]
[Black "Maddaloni, Giovanni"]
[Result "1-0"]
[WhiteElo "2002"]
[BlackElo "1801"]
[PlyCount "51"]
[EventDate "2011.08.21"]
[EventType "swiss"]
[EventRounds "9"]
[EventCountry "ITA"]
[SourceTitle "CBM 144 Extra"]
[Source "ChessBase"]
[SourceDate "2011.10.28"]
[SourceVersion "1"]
[SourceVersionDate "2011.10.28"]
[SourceQuality "1"]

1. d4 Nf6 2. c4 e5 3. dxe5 Ng4 4. Nf3 Bc5 5. e3 Nc6 6. Be2 Ngxe5 7. 0-0 0-0 8. Nc3 Re8 9. b3 d6 10. Na4 Bg4 11. Nxe5 Bxe2 12. Nxc6 Bxd1 13. Nxd8 Be2 14. Re1 Raxd8 15. Rxe2 Bd4 16. Bb2 Bxb2 17. Nxb2 d5 18. cxd5 Rxd5 19. Rd1 c6 20. Rxd5 cxd5 21. Kf1 Rc8 22. Rd2 g6 23. Nd3 a5 24. Nf4 Rc1+ 25. Ke2 Kg7 26. Nxd5 1-0

[Event "Arco op 32nd"]
[Site "Arco"]
[Date "2010.10.21"]
[Round "6"]
[White "Maddaloni, Giovanni"]
[Black "Giuriato, Sergio"]
[Result "0-1"]
[WhiteElo "1801"]
[BlackElo "1935"]
[PlyCount "86"]
[EventDate "2010.10.16"]
[EventType "swiss"]
[EventRounds "9"]
[EventCountry "ITA"]
[SourceTitle "EXT 2024"]
[Source "ChessBase"]
[SourceDate "2023.10.10"]
[SourceVersion "1"]
[SourceVersionDate "2023.10.10"]
[SourceQuality "1"]

1. e4 Nc6 2. Nf3 e5 3. Bb5 a6 4. Ba4 Nf6 5. 0-0 Be7 6. Re1 b5 7. Bb3 0-0 8. a4 Bb7 9. d3 d6 10. Nbd2 Na5 11. Ba2 c5 12. Nf1 h6 13. Bd2 Nc6 14. a5 Re8 15. Ng3 Bf8 16. Nh4 d5 17. Nhf5 Nd4 18. exd5 Bxd5 19. Bxd5 Qxd5 20. h3 Rad8 21. Ne3 Qd7 22. b3 e4 23. Bc3 exd3 24. Qxd3 Qc6 25. Bxd4 Rxd4 26. Qf1 g6 27. c4 b4 28. Ne2 Rd3 29. Reb1 Ne4 30. Nf4 Rd2 31. Nfd5 Rxf2 32. Qd1 Bg7 33. Ng4 Rd2 34. Qf3 f5 35. Nge3 Rf2 36. Qd1 Bd4 37. Kh1 Qd6 38. Rc1 Qg3 39. Qe1 f4 40. Rc2 fxe3 41. Rxf2 Nxf2+ 42. Kg1 Nxh3+ 43. Kh1 Nf2+ 0-1